Statistics for Biggest City For Each Letter

Click here to take the quiz!

General Stats

  • This quiz has been taken 32 times
  • The average score is 13 of 26

Answer Stats

PopulationCity% Correct
B20,500,000Beijing
88%
T40,700,000Tokyo
81%
D32,400,000Delhi
77%
N23,000,000New York
73%
S39,300,000Shanghai
73%
J28,600,000Jakarta
69%
G65,100,000Guangzhou
65%
I16,500,000Istanbul
65%
P11,400,000Paris
62%
C21,900,000Cairo
58%
L20,700,000Lagos
58%
M26,400,000Manila
58%
W10,800,000Wuhan
54%
O17,700,000Osaka
50%
H12,500,000Hangzhou
42%
K18,600,000Karachi
38%
X14,100,000Xiamen
38%
A9,050,000Ahmedabad
35%
E1,370,000Edmonton
35%
Q7,050,000Qingdao
35%
R13,300,000Rio De Janeiro
35%
U3,875,000Ürümqi
31%
V2,950,000Vancouver
31%
F4,450,000Fuzhou
27%
Z8,950,000Zhengzhou
27%
Y5,850,000Yangon
23%

Score Distribution

Percentile by Number Answered

Percent of People with Each Score

Your Score History

You have not taken this quiz